Paroles : Kiss You - One Direction - Statistiques

Statistiques générales
  • Ce quiz a été pris 159 fois
  • Le résultat moyen est 231 sur 281
Statistiques - réponses
Réponse % Correct
you
100%
You
100%
I
99%
Baby
97%
baby
97%
to
97%
a
96%
me
96%
kiss
95%
Oh
94%
yeah
94%
Yeah
94%
let
93%
so
93%
take
92%
just
91%
want
91%
And
89%
go
89%
time
89%
We
89%
we
89%
Touch
88%
wanna
88%
every
85%
tell
85%
if
84%
If
84%
night
84%
any
82%
day
82%
girl
82%
say
82%
it
81%
make
80%
my
79%
there
79%
can
78%
friends
78%
move
78%
all
77%
out
77%
that
77%
too
77%
your
77%
let's
75%
like
75%
show
75%
I'll
74%
on
74%
of
72%
rush
72%
don't
71%
this
71%
need?
70%
could
69%
get
69%
got
69%
mine
69%
home
67%
anywhere
66%
know
66%
Come
65%
come
65%
shout
65%
slow
65%
tonight
65%
what
65%
be
64%
good
64%
love
64%
over
64%
from
60%
head
60%
here
60%
feet
59%
na-na
59%
anything
58%
Looking
58%
kinda
56%
Making
51%
them
48%
turn
47%
you'd
47%
how
46%
off
45%
drool
33%
their
31%
down
29%
chinny-chin-chins
23%
c'mon
20%
his
3%
Aucun quiz correspondant
Distribution des résultats
% des personnes avec chaque résultat
Percentile par nombre de réponses
Votre historique - résultats
Vous n’avez pas pris ce quiz